| 000 | 00532 a2200193 4500 | ||
|---|---|---|---|
| 005 | 20251229111443.0 | ||
| 008 | 251229b |||||||| |||| 00| 0 eng d | ||
| 020 |
_a9789349202405 _cRs. 900.00 |
||
| 040 | _aMAIN | ||
| 082 |
_a371.90954 _bY11E |
||
| 100 | _aYadav, Priyanka | ||
| 245 | _aEvolution of Indian education and disability discourse | ||
| 260 |
_bV R Book International _c2025 _aNew Delhi |
||
| 300 | _axi, 283 | ||
| 650 | _aEducation | ||
| 650 | _aIndian Education | ||
| 650 | _aDisability Discourse | ||
| 942 | _cBK | ||
| 999 |
_c393793 _d393793 |
||